| 000 | 00919nam0a22002531 4500 | ||
|---|---|---|---|
| 001 | rc\529040 | ||
| 005 | 20260406063657.0 | ||
| 035 | _a(NLR Aleph) 005767177 | ||
| 090 |
_a4997348 _c4997348 |
||
| 100 | _a20030616d1987 |||y0rusy50 ca | ||
| 101 | 0 | _arus | |
| 102 | _aRU | ||
| 105 | _aa ||||||||| | ||
| 200 | 1 |
_aВитязь в тигровой шкуре _e[Поэма] _fШота Руставели _g[Пер. с груз. Н. Заболоцкого _gВступ. ст. И. Абашидзе _gИл. Л. Гудиашвили] |
|
| 210 |
_aМ. _cПравда _d1987 |
||
| 215 |
_a284, [1] с. _cил. _d21 |
||
| 700 | 1 |
_7ca _8rus _aРуставели _bШ. _f12 в. _gШота _96268 _3RU\NLR\AUTH\7723214 |
|
| 702 | 1 |
_aЗаболоцкий _bН.А. _gНиколай Алексеевич _4730 |
|
| 801 | 0 |
_aRU _bNLR _gpsbo |
|
| 801 | 1 |
_aRU _bELAR _2rusmarc |
|
| 852 |
_aNLR _j87-3/13551 |
||
| 942 | _cBOOK | ||
| 980 | _aNB | ||